Pandu Puteri Malaysia

Bibliographic Details
Main Author: Ab.Alim Abdul Rahim
Format: Book
Published: K.L. : DBP , 1992
Subjects:

MARC

LEADER 00000cam a2200000 7i4500
001 0000005841
002 000006313
005 20000330.0
020 |a 9836228098 
090 0 0 |a 369.46309595   |b ABA 
100 0 |a Ab.Alim Abdul Rahim 
245 1 0 |a Pandu Puteri Malaysia   |c Ab.Alim Abdul Rahim dan balkis Wan Daud 
260 |a K.L. :   |b DBP ,   |c 1992 
300 |a 243p. ;   |c 21cm. 
650 0 0 |a Girl Scouts   |z Malaysia 
999 |a 037777   |b BUKU   |c PINJAMAN   |e PERPUSTAKAAN KOMUNITI PETALING JAYA